LEADER 01603nam a2200325 4500 001 000000352390 003 CaOOAMICUS 005 20230307114837.0 008 221130s2021 it 000 u ita r 020 $a978-88-922277-5-0 040 $aSeMil$bita 110 2 $aPontificio consiglio per la promozione della nuova evangelizzazione.$0(OLS)http://semarc/name/26148 245 13$aIl santuario porta aperta per la nuova evangelizzazione :$bla pietà popolare una novità antica /$cPontificio Consiglio per la Promozione della Nuova Evangelizzazione ; a cura di Ivan Ricupero, Martin Tremblay. 264 1$aCinisello Balsamo :$bSan Paolo,$c2021. 300 $a156 p. ;$c21 cm 490 1 $aScintilla nova ;$v6 541 0 $aOmaggio mons. Mario Delpini (3E II 419) 650 4$aEvangelizzazione.$0(OLS)http://semarc/subject/670 650 4$aSantuari.$0(OLS)http://semarc/subject/11064 700 1 $aRicupero, Ivan.$0(OLS)http://semarc/name/116877 700 1 $aTremblay, Martin.$0(OLS)http://semarc/name/116878 830 0$aScintilla nova ;$v6.$0(OLS)http://semarc/title/428580 850 $aSeMil 852 $aSeMil$W1$xVenegono$y1$m3E II 419$j238221$B243572$CSeMilBibl$Z2$F243572 $81 941 1 $a7 961 $aOmaggio mons. Mario Delpini 996 $6020$a978-88-922277-5-0$9(OLS)http://semarc/number/297246 996 $6245$aIl santuario porta aperta per la nuova evangelizzazione :$bla pietà popolare una novità antica$9(OLS)http://semarc/title/442188 996 $6264$aCinisello Balsamo :$bSan Paolo$9(OLS)http://semarc/publisher/30129 LEADER 01145nam a2200229 i 4500 001 000000071353 003 CaOOAMICUS 005 20081119000000.0 008 081119s1907 it u000 u ita u 013 $a42525 040 $aSeMil$bita 100 1 $aCanella, Giulio.$0(OLS)http://semarc/name/2246 245 13$aIl nominalismo e Guglielmo d'Occam :$bstudio critico di storia della filosofia medievale (9. a 14. secolo) /$cGiulio Canella. 260 $aFirenze :$bLibreria editrice fiorentina,$c1907. 300 $aXIV, 240 p. ;$c25 cm. 600 04$aGuglielmo : di Ockham .$0(OLS)http://semarc/subject/2945 650 4$aFilosofia medievale - Storia - Sec. 9.-14.$0(OLS)http://semarc/subject/14281 650 4$aNominalismo - Filosofia.$0(OLS)http://semarc/subject/12760 850 $aSeMil 852 $aSeMil$W1$xVenegono$y1$m2P IV 40$j37506$B37506$CSeMilBibl$Z2$F37509 $81 996 $6245$aIl nominalismo e Guglielmo d'Occam :$bstudio critico di storia della filosofia medievale (9. a 14. secolo)$9(OLS)http://semarc/title/114748 996 $6260$aFirenze :$bLibreria editrice fiorentina$9(OLS)http://semarc/publisher/29690